| 000 | 00408nam a2200157 a 4500 | ||
|---|---|---|---|
| 005 | 20140414132123.0 | ||
| 008 | 131216s19uu xx 00 eng d | ||
| 020 | _a97807572623561 | ||
| 050 |
_aTR _bHow847 2012 |
||
| 100 | _aRooney, Louise | ||
| 245 | _aHow does a flower grow?. | ||
| 260 |
_aLondon : _bAlligators Books Limited, _cc2012. |
||
| 300 | _a10 | ||
| 650 |
_aFlower- _xfiction |
||
| 999 |
_c115127 _d115127 |
||